000 00574nam a22001817a 4500
005 20251108165255.0
008 250721s1988 xx 000 0 ara d
082 1 4 _a956.424/ربح
100 1 _aعليان، ربحي مصطفى
245 1 0 _aيالو : الأرض - الإنسان و المأساه :
_bدراسة في التراث الفلسطيني /
264 1 _aعمان :
_bرابطة أهالي يالو،
_c1988.
300 _a150ص.
650 1 7 _aفلسطين
650 1 7 _aالتاريخ
650 1 7 _aرام الله
942 _2ddc
_cBK
999 _c23845
_d23845